| 000 | 00716nam a2200241 a 4500 | ||
|---|---|---|---|
| 001 | BRL_126 | ||
| 005 | 20190320210612.0 | ||
| 008 | 720107s1963 nyua#####b---#000-0beng-# | ||
| 041 | _aeng | ||
| 044 | _anyu | ||
| 050 | 4 |
_aND259.R5 _b.W65 1963 |
|
| 100 | 1 |
_aWolfe, Bertram David _922979 |
|
| 245 | 1 | 0 |
_aThe fabulous life of Diego Rivera _cby Bertram D. Wolfe. |
| 260 |
_aNueva York _bStein and Day _cc1963 |
||
| 300 |
_axxi, 457 p. _bil., 164 láminas, 39 dibujos _c24 cm. |
||
| 500 | _aIncluye índice alfabético | ||
| 500 | _aAu185 | ||
| 504 | _aBibliografía: p. 433-442 | ||
| 600 | 1 | 4 |
_aRivera, Diego _d1886-1957 _vBiografías _922980 |
| 650 | 1 | 4 |
_aPintores mexicanos _94220 |
| 902 | _aGRL | ||
| 942 |
_2lcc _cB |
||
| 999 |
_c8939 _d8939 |
||